Musicians by Doll Quiz Stats

Quiz Updated Oct 17, 2015

Also try: Movies By Doll
Challenge
Share
Tweet
Score 0/20 Timer 08:00
8 Plays Today
% Correct
Elvis Presley
97.4%
Spice Girls
97%
Justin Bieber
96.3%
Katy Perry
93.7%
Cher
93.7%
Frank Sinatra
87.2%
One Direction
86.3%
Sir Elton John
86.2%
Britney Spears
83.7%
Dolly Parton
78.6%
% Correct
ABBA
78.1%
Beyoncé
77.8%
Olivia Newton-John
76.8%
Barbra Streisand
60.3%
Diana Ross
59.8%
Boy George
59%
New Kids on the Block
50.3%
Vanilla Ice
43.5%
Cyndi Lauper
39%
Christina Aguilera
29.8%

You're not logged in!

Compare scores with friends on all Sporcle quizzes.
Sign Up with Email
OR
Log In

You Might Also Like...

Show Comments

Extras

Top Quizzes Today


Score Distribution

Your Account Isn't Verified!

In order to create a playlist on Sporcle, you need to verify the email address you used during registration. Go to your Sporcle Settings to finish the process.